|
|
|
|
| LEADER |
01356nam a2200325 i 4500 |
| 001 |
000477989 |
| 003 |
CZ BrMZK |
| 005 |
20160423183516.0 |
| 007 |
ta |
| 008 |
040716s1981 ru er|||||||||||rus d |
| 040 |
|
|
|a BOA001
|b cze
|e rda
|
| 080 |
9 |
|
|a 536
|
| 080 |
9 |
|
|a 541.1
|
| 245 |
0 |
0 |
|a Termodinamičeskije svojstva individual'nych veščestv.
|n Tom 3.,
|p Elementy B, Al, GA, In, Tl, Be, Mg, CA, Sr, Ba i ich sojedinenija
|n Kniga 1.,
|p Vyčislenije termodinamičeskich svojstv :
|b spravočnoje izdanije v 4 tomach /
|c red. koll. V.P. Gluško (otv. red.) ... [et al.]
|
| 246 |
3 |
0 |
|a Elementy B, Al, GA, In, Tl, Be, Mg, CA, Sr, Ba i ich sojedinenija
|
| 246 |
3 |
0 |
|a Vyčislenije termodinamičeskich svojstv
|
| 250 |
|
|
|a Izdanije 3., pererabotannoje i rasširennoje
|
| 264 |
|
1 |
|a Moskva :
|b Nauka,
|c 1981
|
| 300 |
|
|
|a 470 stran
|
| 336 |
|
|
|a text
|b txt
|2 rdacontent
|
| 337 |
|
|
|a bez média
|b n
|2 rdamedia
|
| 338 |
|
|
|a svazek
|b nc
|2 rdacarrier
|
| 700 |
1 |
|
|a Gluško, Valentin Petrovič,
|d 1908-1989
|7 jx20060506009
|4 edt
|
| 910 |
|
|
|a BOA001
|b 3-0849.675,3/1
|
| 964 |
|
|
|a Termodynamika - prvky chemické - sloučeniny chemické
|
| 964 |
|
|
|a Prvky chemické - termodynamika
|
| 964 |
|
|
|a Sloučeniny chemické - termodynamika
|
| 990 |
|
|
|a BK
|
| 991 |
|
|
|b 200806
|
| 996 |
7 |
|
|b 2619625442
|c 3-0849.675,3/1
|l MZK
|r Sklad / do 1 hodiny
|n 0
|w 000477989
|u 000010
|a 1
|e BOA001
|j MZK50
|s A
|